Min mudhakkirāt qawmī mutaʼāmir / (Record no. 49698)

MARC details
000 -LEADER
fixed length control field 00686cam a22002291 4500
001 - CONTROL NUMBER
control field ne 67001276
003 - CONTROL NUMBER IDENTIFIER
control field DLC
005 - DATE AND TIME OF LATEST TRANSACTION
control field 20260227111833.0
008 - FIXED-LENGTH DATA ELEMENTS--GENERAL INFORMATION
fixed length control field 850131m19609999le a 000 0 ara
010 ## - LIBRARY OF CONGRESS CONTROL NUMBER
LC control number ne 67001276
035 ## - SYSTEM CONTROL NUMBER
System control number (OCoLC)11643743
040 ## - CATALOGING SOURCE
Original cataloging agency DLC
Transcribing agency ViMcC
Modifying agency AzU
-- MH
-- DLC
042 ## - AUTHENTICATION CODE
Authentication code premarc
050 00 - LIBRARY OF CONGRESS CALL NUMBER
Classification number DS79.66.S3
Item number A3
100 1# - MAIN ENTRY--PERSONAL NAME
Personal name Salīm, Shākir Muṣṭafá.
245 10 - TITLE STATEMENT
Title Min mudhakkirāt qawmī mutaʼāmir /
Statement of responsibility, etc. Shākir Muṣṭafá Salīm.
260 ## - PUBLICATION, DISTRIBUTION, ETC.
Place of publication, distribution, etc. [Beirut] :
Name of publisher, distributor, etc. Dār al-Ṭalīʻah,
Date of publication, distribution, etc. [1960?-
300 ## - PHYSICAL DESCRIPTION
Extent v. :
Other physical details ill. ;
Dimensions 21 cm.
600 10 - SUBJECT ADDED ENTRY--PERSONAL NAME
Personal name Salīm, Shākir Muṣṭafá.
651 #0 - SUBJECT ADDED ENTRY--GEOGRAPHIC NAME
Geographic name Iraq
General subdivision Politics and government.
650 #0 - SUBJECT ADDED ENTRY--TOPICAL TERM
Topical term or geographic name entry element Communism
Geographic subdivision Iraq.

No items available.

Powered by Koha